Engineering drawing: (Record no. 553405)
[ view plain ]
| 000 -LEADER | |
|---|---|
| fixed length control field | 00419nam a22001451 4500 |
| 082 00 - DEWEY DECIMAL CLASSIFICATION NUMBER | |
| Classification number | 744.422 |
| Author Mark | BHA |
| 100 1# - MAIN ENTRY--PERSONAL NAME | |
| Personal name | Bhatt, N.D, |
| 9 (RLIN) | 10018 |
| 245 00 - TITLE STATEMENT | |
| Title | Engineering drawing: |
| Statement of responsibility, etc. | Bhatt, ND |
| 260 ## - PUBLICATION, DISTRIBUTION, ETC. | |
| Place of publication, distribution, etc. | India, |
| Name of publisher, distributor, etc. | Vidyanagar, |
| Date of publication, distribution, etc. | 1966. |
| 300 ## - PHYSICAL DESCRIPTION | |
| Extent | vii, 566 p. |
| Dimensions | 25 cm. |
| 526 ## - STUDY PROGRAM INFORMATION NOTE | |
| Program name | 0 |
| Interest level | 0 |
| Reading level | 0 |
| Title point value | 744_422000000000000_BHA |
| 526 ## - STUDY PROGRAM INFORMATION NOTE | |
| Program name | 0 |
| Interest level | 0 |
| Reading level | 0 |
| Title point value | 744_422000000000000_BHA |
| 526 ## - STUDY PROGRAM INFORMATION NOTE | |
| Program name | 0 |
| Interest level | 0 |
| Reading level | 0 |
| Title point value | 744_422000000000000_BHA |
| 942 ## - ADDED ENTRY ELEMENTS (KOHA) | |
| Source of classification or shelving scheme | |
| Koha item type | Book |
| Withdrawn status | Lost status | Source of classification or shelving scheme | Damaged status | Not for loan | Permanent Location | Current Location | Date acquired | Total Checkouts | Total Renewals | Full call number | Barcode | Date last seen | Date last checked out | Price effective from | Koha item type |
|---|---|---|---|---|---|---|---|---|---|---|---|---|---|---|---|
| Military College of Engineering (MCE) | Military College of Engineering (MCE) | 02/09/2015 | 2 | 1 | 744.422 BHA | MCE-11309 | 06/24/2015 | 02/18/2015 | 02/09/2015 | Book | |||||
| Military College of Engineering (MCE) | Military College of Engineering (MCE) | 02/09/2015 | 1 | 744.422 BHA | MCE-6962 | 02/13/2015 | 02/09/2015 | 03/14/2021 | Book | ||||||
| Military College of Engineering (MCE) | Military College of Engineering (MCE) | 03/24/2017 | 744.422 BHA | MCE-14104 | 03/24/2017 | 03/24/2017 | Book |
